Statistics for Top 10 Peach Producing Countries In The World

Click here to take the quiz!

General Stats

  • This quiz has been taken 127 times
  • The average score is 8 of 10

Answer Stats

RankCountry% Correct
3United States
96%
1China
92%
2Italy
83%
5Spain
81%
6Turkey
81%
4Greece
77%
7Iran
67%
10Egypt
65%
9Argentina
61%
8Chile
56%

Score Distribution

Percentile by Number Answered

Percent of People with Each Score

Your Score History

You have not taken this quiz